书目信息 |
| 题名: |
汽车空调系统设计与使用维修
|
|
| 作者: | 黄天泽 | |
| 分册: | ||
| 出版信息: | 北京理工大学出版社 1997.05 |
|
| 页数: | 287页 | |
| 开本: | 19cm | |
| 丛书名: | ||
| 单 册: | ||
| 中图分类: | U269.5 | |
| 科图分类: | ||
| 主题词: | 机车工程 | |
| 电子资源: | ||
| ISBN: | 7-81045-262-2 | |
| 000 | 00559nam0 2200193 45 | |
| 001 | 0308271041 | |
| 005 | 20030827104341.9 | |
| 010 | @a7-81045-262-2@dRMB22.00 | |
| 100 | @a20030827d1997 km y0chiy0120 ea | |
| 101 | @achi | |
| 105 | @a z 000yy | |
| 200 | 1 | @a汽车空调系统设计与使用维修@Aqi che kong diao xi tong she ji yu shi yong wei xiu@f黄天泽@Fhuang tian ze |
| 210 | @c北京理工大学出版社@d1997.05 | |
| 215 | @a287页@c无图表@d19cm | |
| 606 | 0 | @a机车工程 |
| 690 | @aU269.5@v3 | |
| 701 | 0 | @a黄天泽 |
| 801 | @aCN@b@c20030827 | |
| 905 | @aBZT@dU269.5@e18 | |
| 汽车空调系统设计与使用维修/黄天泽.-北京理工大学出版社,1997.05 |
| 287页:无图表;19cm |
| ISBN 7-81045-262-2:RMB22.00 |
| ● |
| 相关链接 |
|
|
|
正题名:汽车空调系统设计与使用维修
索取号:U269.5/18
 
预约/预借
| 序号 | 登录号 | 条形码 | 馆藏地/架位号 | 状态 | 备注 |
| 1 | 29731 | 200472871 | 中心书库北库/ 北库040架A面4列5层48/ [索取号:U269.5/18] | 在馆 | |
| 2 | 29732 | 200472906 | 中心书库北库/ 北库040架A面4列5层47/ [索取号:U269.5/18] | 在馆 |